Szczegóły MARC21

System rynkowy : podstawy mikro- i makroekonomii /

003 -Nazwa inst., której nr kontr. jest w polu 001 [,]
    • @
    • Nazwa instytucji, której n kontrolny jest w polu 001
    • NUKAT
005 -DATA I CZAS OSTATNIEJ MODYFIKACJI [,]
    • @
    • pole kontrolne
    • 20241231112229.0
020 -Międzynarod. znormalizowany nr książki - ISBN [ , ]
    • a
    • Numer ISBN
    • 8390023466 Find
    • z
    • Błędny ISBN (P)
    • 83900023466 Find
040 -Instytucja sporządzająca opis [ , ]
    • a
    • Instytucja, która sporządziła opis (NP)
    • KR U/16ZL
    • c
    • Instytucja, która sporządziła rekord (NP)
    • KR U/16ZL
    • d
    • Instytucja, która zmodyfikowała rekord (P)
    • KR U/16ZL
    • d
    • Instytucja, która zmodyfikowała rekord (P)
    • GL 001/FAN
942 -Rodzaj dokumentu [ , ]
    • c
    • Rodzaj dokumentu
    • Książka
100 -Hasło główne - nazwa osobowa [1, ]
    • a
    • Nazwa osobowa (NP)
    • Nasiłowski, Mieczysław
    • d
    • Daty biograficzne (NP)
    • (1929-2004).
    • 9
    • KHW
    • 16675
245 -Strefa tytułu i oznaczenia odpowiedzialności [1,0]
    • a
    • Tytuł
    • System rynkowy : Find
    • b
    • Ciąg dalszy tytułu (NP)
    • podstawy mikro- i makroekonomii / Find
    • c
    • Pozostałe elementy strefy tytułu i oznaczenia odpowiedzialności (NP)
    • Mieczysław Nasiłowski.
250 -Strefa wydania [ , ]
    • a
    • Oznaczenie wydania (NP)
    • Wyd. popr. i rozsz.
260 -Strefa adresu wydawniczego [ , ]
    • a
    • Miejsce wydania (P)
    • Warszawa :
    • b
    • Nazwa wydawcy (P)
    • Instytut Kształcenia Ekonomicznego PTE :
    • b
    • Nazwa wydawcy (P)
    • Wydawnictwo "KeyTex",
    • c
    • Data wydania (P)
    • 1992.
300 -Strefa opisu fizycznego [ , ]
    • a
    • Określenie formy książki i/lub objętość (NP)
    • 266, [1] s. :
    • b
    • Oznaczenie ilustracji (NP)
    • il. ;
    • c
    • Format (NP)
    • 24 cm.
336 -Typ zawartości [ , ]
    • a
    • Termin opisujący typ zawartości
    • Tekst
    • b
    • Kod określający zawartość
    • txt
    • 2
    • Źródło (terminu i kodu)
    • rdacontent
337 -Typ mediów [ , ]
    • a
    • Tryb odtwarzania
    • Bez urządzenia pośredniczącego
    • b
    • Kod typu mediów
    • n
    • 2
    • Źródło (terminu i kodu)
    • rdamedia
338 -Typ/rodzaj nośnika [ , ]
    • a
    • Hasło opisujące typ nośnika
    • Wolumin
    • b
    • Kod typu nośnika
    • nc
    • 2
    • Źródło (terminu i kodu)
    • rdacarrier
500 -Uwaga ogólna [ , ]
    • a
    • Uwaga ogólna (NP)
    • Na s. red. błędny ISBN.
080 -Uniwersalna Klasyfikacja Dziesiętna [ , ]
    • 2
    • Identyfikator wydania tablic
    • UDC-P058
    • 9
    • UKD
    • 2943
    • a
    • Symbol klasyfikacji
    • 330
    • b
    • Dopowiedzenie
    • Nauki ekonomiczne w ogólności. Ekonomia polityczna.
    • 4
    • UKD2
    • 7665
    • x
    • Poddział wspólny
    • (075.8)
    • c
    • Dopowiedzenie poddz. wspólnego
    • (Podręczniki dla szkół wyższych. Skrypty).
080 -Uniwersalna Klasyfikacja Dziesiętna [ , ]
    • 2
    • Identyfikator wydania tablic
    • UDC-P058
    • 9
    • UKD
    • 2945
    • a
    • Symbol klasyfikacji
    • 330.101.54
    • b
    • Dopowiedzenie
    • Makroekonomia. Mikroekonomia.
    • 4
    • UKD2
    • 7665
    • x
    • Poddział wspólny
    • (075.8)
    • c
    • Dopowiedzenie poddz. wspólnego
    • (Podręczniki dla szkół wyższych. Skrypty).
080 -Uniwersalna Klasyfikacja Dziesiętna [ , ]
    • 2
    • Identyfikator wydania tablic
    • UDC-P058
    • 9
    • UKD
    • 2966
    • a
    • Symbol klasyfikacji
    • 330.342.172
    • b
    • Dopowiedzenie
    • Gospodarka rynkowa (wolnorynkowa).
    • 4
    • UKD2
    • 7665
    • x
    • Poddział wspólny
    • (075.8)
    • c
    • Dopowiedzenie poddz. wspólnego
    • (Podręczniki dla szkół wyższych. Skrypty).
650 -Hasło przedmiotowe [ ,7]
    • a
    • Hasło przedmiotowe
    • Makroekonomia
    • v
    • Określnik formalny
    • podręczniki akademickie.
    • 2
    • Źródło terminu
    • kaba
    • 9
    • KHW
    • 354412
650 -Hasło przedmiotowe [ ,7]
    • a
    • Hasło przedmiotowe
    • Mikroekonomia
    • v
    • Określnik formalny
    • podręczniki akademickie.
    • 2
    • Źródło terminu
    • kaba
    • 9
    • KHW
    • 352804
980 -Symbol UKD [ , ]
    • a
    • UKD
    • 330:330.101.54:330.342.172](075.8)
710 -Hasło dodatkowe - nazwa ciała zbiorowego [2, ]
    • a
    • Nazwa ciała zbiorowego lub nazwa geograficzna jako pierwszy element (NP)
    • Polskie Towarzystwo Ekonomiczne.
    • b
    • Nazwa jednostki podrzędnej (P)
    • Instytut Kształcenia Ekonomicznego.
    • 4
    • Kod relacji
    • pbl
    • 9
    • KHW
    • 88448
710 -Hasło dodatkowe - nazwa ciała zbiorowego [2, ]
    • a
    • Nazwa ciała zbiorowego lub nazwa geograficzna jako pierwszy element (NP)
    • Wydawnictwo Key Text.
    • 4
    • Kod relacji
    • pbl
    • 9
    • KHW
    • 70329
920 -ISBN [ , ]
    • a
    • ISBN
    • 83-900234-6-6 Find
    • z
    • Błędny ISBN
    • 83-9000234-6-6 Find
Sygnatura Lokalizacja Data inwentaryzacji Status udost. Numer inwentarzowy
 BE1997-01-01-2E.61429
 BE1997-01-01-3S.75367
 BE1997-01-012S.75361
 BE1997-01-012S.75362
 BE1997-01-012S.75363
 BE1997-01-012S.75364
 BE1997-01-012S.75365
 BE1997-01-012S.75366
 BE1997-01-012S.75368
 BE1997-01-012S.75369
SA.5696BSA1997-01-011SA.5696
SA.5697BSA1997-01-01-3SA.5697
33GW2015-10-23-3GW.5357
 T1997-01-01-3TS.75370